| 000 | 00664nmm a2200265 a 4500 | ||
|---|---|---|---|
| 003 | AR-BaBNM | ||
| 005 | 20251128211504.0 | ||
| 008 | 304020s1999 ||||||||||||||000 | spa|| | ||
| 020 | _a987-9328-07-8 | ||
| 040 | _cAR-BaBNM | ||
| 100 | 1 | _aZemborain, Hebe | |
| 245 | 1 | 0 |
_aEntre sustos y sonrisas _bselección de textos |
| 260 |
_aBuenos Aires _c1999 _bH.L.R. |
||
| 300 |
_a90 p. _bil. |
||
| 650 | 4 | _aLITERATURA ARGENTINA | |
| 650 | 4 | _aLITERATURA CONTEMPORANEA | |
| 650 | 4 | _aCUENTOS | |
| 650 | 4 | _aPOESIAS | |
| 650 | 4 | _aHUMOR | |
| 650 | 4 | _aTEATRO INFANTIL | |
| 655 | _aLITERATURA | ||
| 700 | 1 | _aRodriguez, Hugo Luis | |
| 942 | _cBK | ||
| 998 | _cEugenia | ||
| 999 |
_c19866 _d19866 |
||